00499nam a2200193 a 4500001001300000003000900013005001700022008004100039020001000080082001600090100001900106245003500125260002900160300000900189500003500198505002800233650002500261700001900286nice12345678IN_TiNIC20260116014932.0050524s1966 lona grp 000 0 eng  ac10000a201.65bBAR aBarbour, Ian G aIssues in Science and Religion aLondonbScm Press c1966 a470p aincludes index and biblioraphy2 aForeign Parts 1701-1950 aScience and Religion1 aBarbour, Ian G